|
|
|
|
| LEADER |
00820nta a2200217 i 4500 |
| 001 |
dokt7205 |
| 005 |
20220325100607.0 |
| 008 |
220325s1997 hu om 0|| eng d |
| 040 |
|
|
|a SZTE Doktori Repozitórium
|b hun
|
| 041 |
|
|
|a eng
|
| 100 |
1 |
|
|a Dux Mária
|
| 245 |
1 |
0 |
|a Functional anatomy of cutaneous capsaicin-sensitive afferent nerves
|h [elektronikus dokumentum] /
|c Dux Mária
|
| 260 |
|
|
|c 1997
|
| 502 |
|
|
|a Disszertacio
|
| 650 |
|
4 |
|a elméleti orvostudományok
|
| 650 |
|
4 |
|a Orvos- és egészségtudomány
|
| 650 |
|
4 |
|a Általános orvostudomány
|
| 695 |
|
|
|a Élettan
|
| 700 |
1 |
|
|a Jancsó Gábor
|e ths
|
| 856 |
4 |
0 |
|u https://doktori.bibl.u-szeged.hu/id/eprint/7205/1/1997_dux_maria.pdf
|z Dokumentum-elérés
|
| 856 |
4 |
0 |
|u https://doktori.bibl.u-szeged.hu/id/eprint/7205/2/1997_dux_maria_publikaciok.pdf
|z Dokumentum-elérés
|